|
|
|
|
| LEADER |
01179nam a2200289 a 4500 |
| 001 |
11539 |
| 003 |
BD-DhAAL |
| 008 |
090504s1985 nyua b 001 0 eng c |
| 999 |
|
|
|c 365
|d 365
|
| 010 |
|
|
|a 84023165
|
| 020 |
|
|
|a 0443083037
|
| 040 |
|
|
|a DNLM/DLC
|c DLC
|d DLC
|d BD-DhAAL
|
| 082 |
0 |
0 |
|a 618.920025
|2 19
|
| 245 |
0 |
0 |
|a Pediatric emergencies /
|c edited by Stephen Ludwig.
|
| 260 |
|
|
|a New York :
|b Churchill Livingstone,
|c 1985.
|
| 300 |
|
|
|a xi, 266 pages :
|b illustrations ;
|c 24 cm.
|
| 490 |
1 |
|
|a Clinics in emergency medicine ;
|v vol. 7
|
| 504 |
|
|
|a Includes bibliographical references and index.
|
| 541 |
|
|
|e 11539
|
| 650 |
|
0 |
|a Pediatric emergencies.
|9 41783
|
| 650 |
|
2 |
|a Emergencies
|x in infancy & childhood.
|9 41784
|
| 650 |
|
2 |
|a Emergency Medicine
|x in infancy & childhood.
|9 41785
|
| 700 |
1 |
|
|a Ludwig, Stephen,
|d 1945-
|9 41786
|
| 830 |
|
0 |
|a Clinics in emergency medicine ;
|v v. 7.
|9 41787
|
| 852 |
|
|
|a Ayesha Abed Library
|c General Stacks
|
| 942 |
|
|
|2 ddc
|c BK
|
| 952 |
|
|
|0 0
|1 0
|2 ddc
|4 0
|6 618_920025000000000_PED_1985
|7 0
|9 331
|a BRACUL
|b BRACUL
|c GEN
|d 2009-05-04
|g 0.00
|l 1
|o 618.920025 PED
|p 3010011539
|r 2026-03-02
|s 2026-02-25
|t 1
|w 2009-05-04
|y BK
|x No price found in the accession register.
|